Matej Bel ako geograf

Bibliographic Details
Main Author: Prikryl, Ľubomír Viliam, 1934- (Author)
Format: Article
Language:Slovak
PhysicalDescription:Obr. 2. Res. rus., angl., lit. 43 zázn. v slov., maď., franc.
Subjects:

MARC

LEADER 00000nab a2200000 a 4500
001 vtls000186824
003 SK-MaSNL
005 20260426094138.0
008 250422c1984 xo 0 slo
015 |a SNBRB19rr/mm-uuuuu 
035 |a CL0196937 
035 |a urn:nbn:sk:snk-ab1ywu 
035 |a (urnnbn)urn:nbn:sk:snk:ar-a019c4 
035 |a (uuid)10f3c62c-eb07-492d-a925-c40fc46f0271 
040 |a SNKBUCL  |b slo  |c SNKBUCL  |e AACR2 
041 0 |a slo 
044 |a xo  |c SK 
080 |a 930.85  |2 1981 
080 |a 911  |2 1981 
080 |a 929 Bel, Matej  |2 1981 
100 1 |a Prikryl, Ľubomír Viliam,  |d 1934-  |4 aut  |9 210647 
245 1 0 |a Matej Bel ako geograf  |c Ľubomír Viliam Prikryl 
300 |b Obr. 2. Res. rus., angl., lit. 43 zázn. v slov., maď., franc. 
600 1 7 |a Bel, Matej,  |d 1684-1749  |2 snkbucl  |9 55205 
650 0 7 |a geografia  |2 snkbucl  |9 823 
651 7 |a Slovensko  |2 snkbucl  |9 14231 
655 7 |a články z novín a časopisov  |2 snkbucl  |9 267496 
773 0 |t Geografický časopis  |g Roč. 36, č. 1 (1984), s. 3-18 
850 |a Slovenská národná knižnica 
852 |a Slovenská národná knižnica 
954 |a odborná, vedecká literatúra pôvodná (slovenská)  |2 lita 
958 |a article27 
958 |a BX 
958 |a NB 
958 |a RK 
958 |a OND 
958 |a EUIPO 
992 |a RBX 
999 |c 3126899  |d 3128829